00934nam a2200241 a 450000100100000000500170001000800410002702000150006804000250008304100390010808200210014710000290016824000540019724501010025126000380035230000210039065000390041165000530045070000380050304900090054195201250055099900170067500002596320200930024204.0110224s1989 mx r 000 0 spa d a9688882240 aDO-SdBNPbspacBNPHU17aspaheng2Código de idiomas MARC a353.00722bW668p1 aWildavsky, Aaron.95284714aThe politics of the budgetary process.lEspañol14aLas politicas del proceso presupuestal /cAaron Wildavsky ; traducción de David Basurto Clark. aMéxico, D. F. :bPrisma,c1989. a243 p. ;c21 cm. 4aPresupuestozEstados Unidos952848 4aPolítica presupuestariazEstados Unidos9528491 aBasurto Clark, David,etr.951695 aBNGR 001054708MOaGRbGRcCTd2011-02-24iLF1l0o353.00722 W668pp25963-10r2020-06-25w2020-06-25y4ZPréstamo en sala c25455d25455